000 00863cam a2200289 a 4500
001 4716393
003 NUST - PNEC
005 20170116180954.0
008 830926s1985 inua b 001 0 eng
010 _a 83051122
020 _a0672220237
040 _cLIBRARY
082 0 0 _a621.367 CSO
100 1 _aCsorba, Illes P.
245 1 0 _aImage tubes
_cby Illes P. Csorba.
250 _a1st ed.
260 _aIndianapolis, Ind., U.S.A. :
_bH.W. Sams,
_cc1985.
300 _a488 p. :
_bill. ;
_c24 cm.
440 4 _aThe Howard W. Sams engineering-reference book series
504 _aIncludes bibliographies and index.
650 0 _aImage converters.
_xME, EE, EL, IME
650 0 _aImage intensifiers.
650 0 _aCathode ray tubes.
650 0 _aTelevision camera tubes.
906 _a7
_bcbc
_corignew
_d2
_eocip
_f19
_gy-gencatlg
942 _2ddc
_cBK
999 _c66498
_d66498